00911nam a2200265Ia 4500003000900000008004100009020001800050040001600068080002300084245011000107260003700217300001700254490002700271650004100298650001400339650001900353650002900372650002600401700002800427700004000455700002800495942000700523999001500530952010000545IN-BaIIA211028s9999 xx 000 0 eng d a90-277-2744-9 cIIA Library a082.2:52bIAU-S130 0aLarge scale structures of the universecedited by Jean Audouze, Mariechristine Pelletan and Alex Szalay aDordrechtbKluwer Academicc1988 axxiii, 619p. aIAU symposium; no. 130 aAstronomy and Astrophysics thesaurus aCosmology aGalaxies91286 aInfrared astronomy95673 aRadio astronomy92849 aAudouze, Jean ed.99795 aPelletan, Mariechristine ed.915791 aSzalay, Alex ed.915792 cBK c9381d9381 00104070aBANbBANcGENd0000-00-00l0o082.2:52/ IAU-S130p10291r2021-11-05w0000-00-00yBK